<?xml version="1.0" encoding="UTF-8"?>
<record
    xmlns:xsi="http://www.w3.org/2001/XMLSchema-instance"
    xsi:schemaLocation="http://www.loc.gov/MARC21/slim http://www.loc.gov/standards/marcxml/schema/MARC21slim.xsd"
    xmlns="http://www.loc.gov/MARC21/slim">

  <leader>01861nam a2200313 a 4500</leader>
  <controlfield tag="003">DO-SdBNP</controlfield>
  <controlfield tag="005">20221116131042.0</controlfield>
  <controlfield tag="007">ta</controlfield>
  <controlfield tag="008">221116e2022    dr a|||gr|||| 001 m spa d</controlfield>
  <datafield tag="020" ind1=" " ind2=" ">
    <subfield code="a">9798356911491</subfield>
  </datafield>
  <datafield tag="040" ind1=" " ind2=" ">
    <subfield code="a">DO-SdBNP</subfield>
    <subfield code="b">spa</subfield>
    <subfield code="c">BNPHU</subfield>
  </datafield>
  <datafield tag="082" ind1=" " ind2="4">
    <subfield code="2">22</subfield>
    <subfield code="b">B268a</subfield>
  </datafield>
  <datafield tag="245" ind1="1" ind2="0">
    <subfield code="a">Alimentaci&#xF3;n saludable...tu mejor medicina. /</subfield>
    <subfield code="c">Jimmy Barranco Ventura; Editor, Ram&#xF3;n Saba; Ilustraciones, Ezequiel Mart&#xED;nez; Pr&#xF3;logo, Ana Carolina B&#xE1;ez Abbott</subfield>
  </datafield>
  <datafield tag="260" ind1=" " ind2=" ">
    <subfield code="a">Santo Domingo :</subfield>
    <subfield code="b">INTEC,</subfield>
    <subfield code="c">2022</subfield>
  </datafield>
  <datafield tag="300" ind1=" " ind2=" ">
    <subfield code="a">678 p. :</subfield>
    <subfield code="b">il. ;</subfield>
    <subfield code="c">23 cm.</subfield>
  </datafield>
  <datafield tag="500" ind1=" " ind2=" ">
    <subfield code="a">Incluye datos biogr&#xE1;ficos del autor en las solapas de las cubiertas.</subfield>
  </datafield>
  <datafield tag="505" ind1=" " ind2=" ">
    <subfield code="a">Dedicatoria.</subfield>
    <subfield code="g">Agradecimientos.</subfield>
    <subfield code="g">Pr&#xF3;logo.</subfield>
    <subfield code="g">A modo de presentaci&#xF3;n.</subfield>
    <subfield code="t">I. Alimentos, Nutrimentos y Suplementos Nutricionales.-- </subfield>
    <subfield code="t">II. Educaci&#xF3;n Alimentaria, Dietas y Salud.--</subfield>
    <subfield code="t">III. Alimentaci&#xF3;n Materno Infantil.--</subfield>
    <subfield code="t">IV. Obesidad y Control de Peso.--</subfield>
    <subfield code="t">V. Diabetes Mellitus.--</subfield>
    <subfield code="t">VI. Riesgo Cardiovascular.--</subfield>
    <subfield code="t">VII. Alimentaci&#xF3;n en Tiempos de Pandemia.--</subfield>
    <subfield code="t">VIII. Enfermedades Gastrointestinales.</subfield>
    <subfield code="t">IX. Nutrici&#xF3;n y C&#xE1;ncer.--</subfield>
    <subfield code="t">XI. Enfermedades del Tracto Genitourinario.--</subfield>
    <subfield code="t">XII. Microbioma, Alimentaci&#xF3;n y Salud.--</subfield>
    <subfield code="t">XIII. Nutrici&#xF3;n Cl&#xED;nica.--</subfield>
    <subfield code="t">XIV. Anexos.</subfield>
  </datafield>
  <datafield tag="590" ind1=" " ind2=" ">
    <subfield code="a">Inventariado 2022 / MF</subfield>
  </datafield>
  <datafield tag="650" ind1=" " ind2="4">
    <subfield code="9">21811</subfield>
    <subfield code="a">Consejer&#xED;a en Nutrici&#xF3;n</subfield>
    <subfield code="v">Preguntas y Respuestas</subfield>
    <subfield code="x">Rep&#xFA;blica Dominicana</subfield>
  </datafield>
  <datafield tag="650" ind1=" " ind2="4">
    <subfield code="9">65872</subfield>
    <subfield code="a">Trastornos Nutricionales </subfield>
    <subfield code="v">Preguntas y Respuestas</subfield>
    <subfield code="x">Rep&#xFA;blica Dominicana</subfield>
  </datafield>
  <datafield tag="650" ind1=" " ind2="4">
    <subfield code="9">4380</subfield>
    <subfield code="a">Trastornos Alimenticios</subfield>
    <subfield code="v">Preguntas y Respuestas</subfield>
    <subfield code="x">Rep&#xFA;blica Dominicana</subfield>
  </datafield>
  <datafield tag="650" ind1=" " ind2="4">
    <subfield code="9">55504</subfield>
    <subfield code="a">H&#xE1;bitos Alimenticios</subfield>
    <subfield code="z">Rep&#xFA;blica Dominicana</subfield>
  </datafield>
  <datafield tag="650" ind1=" " ind2="4">
    <subfield code="9">63768</subfield>
    <subfield code="a">Vida y Salud</subfield>
    <subfield code="x">Preguntas y Respuestas</subfield>
    <subfield code="v">Rep&#xFA;blica Dominicana</subfield>
  </datafield>
  <datafield tag="700" ind1="1" ind2=" ">
    <subfield code="9">81348</subfield>
    <subfield code="a">Saba, Ram&#xF3;n </subfield>
    <subfield code="d">ed.</subfield>
  </datafield>
  <datafield tag="700" ind1="1" ind2=" ">
    <subfield code="9">77713</subfield>
    <subfield code="a">Mart&#xEC;nez, Ezequiel</subfield>
    <subfield code="e">il.</subfield>
  </datafield>
  <datafield tag="700" ind1="1" ind2=" ">
    <subfield code="a">B&#xE1;ez Abbott,  Ana Carolina </subfield>
    <subfield code="e">pr&#xF3;l.</subfield>
    <subfield code="9">82835</subfield>
  </datafield>
  <datafield tag="910" ind1=" " ind2=" ">
    <subfield code="a">MFeliz</subfield>
  </datafield>
  <datafield tag="942" ind1=" " ind2=" ">
    <subfield code="2">ddc</subfield>
    <subfield code="c">LBS1</subfield>
  </datafield>
  <datafield tag="952" ind1=" " ind2=" ">
    <subfield code="0">0</subfield>
    <subfield code="1">0</subfield>
    <subfield code="2">ddc</subfield>
    <subfield code="5">1</subfield>
    <subfield code="7">0</subfield>
    <subfield code="8">PD</subfield>
    <subfield code="a">BNPHU</subfield>
    <subfield code="b">BNPHU</subfield>
    <subfield code="c">CT</subfield>
    <subfield code="d">2022-10-31</subfield>
    <subfield code="e">Dep&#xF3;sito legal / Ram&#xF3;n Saba</subfield>
    <subfield code="l">0</subfield>
    <subfield code="o">B268a</subfield>
    <subfield code="p">2022-5432</subfield>
    <subfield code="r">2022-11-16</subfield>
    <subfield code="w">2022-11-16</subfield>
    <subfield code="y">LBS1</subfield>
  </datafield>
  <datafield tag="952" ind1=" " ind2=" ">
    <subfield code="0">0</subfield>
    <subfield code="1">0</subfield>
    <subfield code="2">ddc</subfield>
    <subfield code="5">1</subfield>
    <subfield code="7">0</subfield>
    <subfield code="8">PD</subfield>
    <subfield code="a">BNPHU</subfield>
    <subfield code="b">BNPHU</subfield>
    <subfield code="c">CT</subfield>
    <subfield code="d">2022-10-31</subfield>
    <subfield code="e">Dep&#xF3;sito legal / Ram&#xF3;n Saba</subfield>
    <subfield code="l">0</subfield>
    <subfield code="o">B268a</subfield>
    <subfield code="p">2022-5433</subfield>
    <subfield code="r">2022-11-16</subfield>
    <subfield code="t">e.2</subfield>
    <subfield code="w">2022-11-16</subfield>
    <subfield code="y">LBS1</subfield>
  </datafield>
  <datafield tag="952" ind1=" " ind2=" ">
    <subfield code="0">0</subfield>
    <subfield code="1">0</subfield>
    <subfield code="2">ddc</subfield>
    <subfield code="5">6</subfield>
    <subfield code="7">0</subfield>
    <subfield code="8">DS</subfield>
    <subfield code="a">BNPHU</subfield>
    <subfield code="b">BNPHU</subfield>
    <subfield code="c">CT</subfield>
    <subfield code="d">2022-10-31</subfield>
    <subfield code="e">Dep&#xF3;sito legal / Ram&#xF3;n Saba</subfield>
    <subfield code="l">0</subfield>
    <subfield code="o">B268a</subfield>
    <subfield code="p">2022-5434</subfield>
    <subfield code="r">2022-11-16</subfield>
    <subfield code="t">e.3</subfield>
    <subfield code="w">2022-11-16</subfield>
    <subfield code="y">LBS1</subfield>
  </datafield>
  <datafield tag="999" ind1=" " ind2=" ">
    <subfield code="c">52954</subfield>
    <subfield code="d">52954</subfield>
  </datafield>
</record>
